000 00689nam a2200241 a 4500
001 000028354
003 DO-SdBNP
005 20240305130443.0
007 ta
008 110408s1974 dr a 000 0 spa d
040 _aDO-SdBNP
_bspa
_cBNPHU
082 _axxx
_bI73a
_222
100 1 _aIsa Conde, Narciso,
_d1942-
_912387
245 1 0 _aAlcoa y Falconbridge :
_blas ganancias de dos pulpos /
_cNarciso Isla Conde.
260 _aSanto Domingo :
_bTaller,
_c1974.
300 _a28 p. ;
_c21 cm.
490 1 _aDebate
_vno. 2
500 _aIncluye notas al pie de las páginas
590 _aInventariado, 2023 / DG
830 0 _aDebate ;
_vno. 2
_913868
910 _aDG
942 _2ddc
_cLF2
999 _c27846
_d27846